000 00509nam a2200193Ia 4500
003 GCL
008 140319s9999 xx 000 0 eng d
040 _aGCL /
_cGCL
082 0 4 _a574.29
_bS I
100 1 _aSTAINES,NORMAN
245 1 0 _aINTRODUCING IMMUNOLOGY, 2nd ed. /
_cSTAINES,NORMAN
700 1 _aBROSTOFF, JONSTHAN
260 _a[S.N] :
_bMOSBY- YEARBOOK EUROPE LIMITED ،
_c1994
300 _a110 P
650 0 4 _aLYMPHOCYTES
650 0 4 _aIMMUNE SYSTEM
650 0 4 _aANTIGENS
942 _2ddc
_cBK
999 _c16713
_d16713